A GenAI Technológia

Bibliographic Details
Main Author: Báltin Erik
Other Authors: Erdélyi Katalin
Format: Thesis
Kulcsszavak:digitális jövő
digitális technológia
intelligens technikák
mesterséges intelligencia
technológiai fejlődés
Online Access:http://dolgozattar.uni-bge.hu/60371

MARC

LEADER 00000nta a2200000 i 4500
001 dolg60371
005 20260409150510.0
008 260409suuuu hu om 000 hun d
040 |a BGE Dolgozattár Repozitórium  |b hun 
041 |a hu 
100 1 |a Báltin Erik 
245 1 2 |a A GenAI Technológia  |c Báltin Erik  |h [elektronikus dokumentum] 
520 3 |a A Szakdolgozatomban a generatív mesterséges intelligencia (GenAI) technológiai fejlődését és társadalmi hatásait vizsgálom, különös tekintettel a valóságérzékelésre és az ember megkülönböztető képességére. Bemutatom a GenAI működési alapjait, alkalmazási területeit és globális elterjedését, valamint gazdasági, kulturális és etikai következményeit is. Empirikus kutatás keretében kérdőíves felméréssel elemzem, mennyire képesek különböző korcsoportok felismerni az AI által generált képeket. Az eredményeim szerint a fiatalabbak pontosabbak, de még ők is gyakran tévednek, ami igazolja a technológia megtévesztő realizmusát. A dolgozatomban rámutatok a generatív AI kettős természetére, ami egyszerre jelent innovációt és társadalmi kockázatot, amely alapjaiban formálja át a kreativitás, hitelesség és valóság fogalmát. 
695 |a digitális jövő 
695 |a digitális technológia 
695 |a intelligens technikák 
695 |a mesterséges intelligencia 
695 |a technológiai fejlődés 
700 1 |a Erdélyi Katalin  |e ths 
856 4 0 |u http://dolgozattar.uni-bge.hu/60371/1/B%C3%A1ltin%20Erik%20-%20A%20GenAI%20Technol%C3%B3gia.pdf  |z Dokumentum-elérés 
856 4 0 |u http://dolgozattar.uni-bge.hu/60371/2/B%C3%A1ltin%20Erik%20szakdolgozat%20b%C3%ADr%C3%A1lat.pdf  |z Dokumentum-elérés